1011 1157 1413 1836 1871 1984 1394 1057 1518 1454 1187 1526 1238 1806 1358 1389 1256 1091 1205 1052 1289 1391 1886 1258 1732 1602 1978 1655 1935 1765 1961 1663 1701 1886 1680 1983 1975 1653 1822 1263 1624 1473 1993 1817 1588 1221 1737 1765 1637 1343 1589 1286 1699 1422 1851 1073 1550 1075 1675 1471 1475 1811 1575 1648 1226 1529 1316 1378 1755 1535 1486 1078 1155 1579 1046 1092 1742 1733 1479 1529 1371 1521 1874 1702 1699 1233 1847 1221 1466 1832 1850 1034 1828 1909 1146 1012 1496 1204 1432 BCNSPRNW ULIB Ver.6.0+V

เปลี่ยนเป็นภาษาไทย

Change to English
 แสดงรายละเอียดบรรณานุกรม
  กลับหน้าหลัก

Brief Record : Get Marc (ISO 2709) : E-mail record : QR code < ปิดหน้าต่าง
LEADER : 00000nam 2200000uu 4500
001    13399108249
003     ULIB
008    110224s2552||||th 000 0 tha d
020    9789748287751
060  4 WS280^bจ464P 2552
110 1  ชมรมโรคระบบหายใจและเวชบำบัดวิกฤตในเด็กแห่งประเทศไทย
245 00 Pediatric pulmonology 2009 :current knowledge and practice/^cจิตลัดดา ดีโรจนวงศ์, ดุสิต สถาวร และนวลจันทร์ ปราบพล, บรรณธิการ
260    กรุงเทพฯ :^bบียอนด์ เอ็นเตอร์ไพรซ์,^c2552.
300    256 หน้า:^bภาพประกอบ.
650  7 กุมารเวชศาสตร์
650  7 โรคระบบหายใจ^xเด็ก
700 0  จิตลัดดา ดีโรจนวงศ์, บรรณธิการ
700 0  ดุสิต สถาวร, บรรณธิการ
700 0  นวลจันทร์ ปราบพล, บรรณธิการ
945    ^p300^l0^i029775
945    ^p300^l0^i027094
945    ^p300^l0^i027093
995    เกษร
999 ^a ใช้งานได้ทุกระบบ
รายการนี้ยังไม่มีแท็ก
คุณยังไม่ได้ล็อกอิน คุณสามารถมีกิจกรรมร่วมกับเว็บไซต์ได้ แต่ต้องล็อกอินก่อน ::
  ล็อกอิน

รายการสื่อสารสนเทศ

ลำดับที่ ประเภท เลขเรียก/บาร์โค้ด สถานที่ สถานะ
- ไม่พบข้อมูล -

รายการใกล้เคียง
    หัวเรื่อง [กุมารเวชศาสตร์]

BibComment


ยังไม่เคยถูกคอมเมนท์

คอมเมนท์ทรัพยากรรายการนี้
  คอมเมนท์: Pediatric pulmono..


 Copyright 2026. Bcnsprnw @Library